| 000 | 02248cab a2200493 4500 | ||
|---|---|---|---|
| 001 | L130462 | ||
| 008 | 050801n2005 000 0 eng u | ||
| 035 | _a(Sirsi) u130462 | ||
| 041 | _aeng | ||
| 100 | _aBrogan, Elizabeth | ||
| 245 | _aFocus: community safety | ||
| 260 | _c2005 | ||
| 490 |
_aFire Engineers' Journal _v65(258) 20-41(22) |
||
| 520 | _aSeries of articles looking at community safety. Reports on the increased responsibility landlords will have for their tenants under the Housing Act 2004; the law as it applies to houses in multiple occupation; a new statisitical analysis of the cost of fire to the economy; the Chief Fire Officers' Association range of policies, procedures and guidance to help brigades enforce the Regulatory Reform (Fire Safety) Order; how UK fire services are working with local communities to increase diversity and improve fire safety; a simplified spill plume calculation including the effects of balconies and downstands; the fire performance of structural steel; new European requirements for fire sealants; and adequate fire protection for recessed downlights to ensure the integrity of ceilings.The "Economic cost of fire: estimates for 2003" is available on the ODPM website, www.odpm.gov.uk. | ||
| 650 | _aHOUSING ACT 2004 | ||
| 650 | _aBUILDING REGULATIONS 2000 | ||
| 650 | _aREGULATORY REFORM (FIRE SAFETY) ORDER 2005 | ||
| 650 | _aFIRE PRECAUTIONS ACT 1971 | ||
| 650 | _aFIRE PRECAUTIONS (WORKPLACE) REGULATIONS 1997 | ||
| 650 | _aMANAGEMENT OF HEALTH AND SAFETY AT WORK REGULATIONS 1999 | ||
| 650 | _aBS 8110 | ||
| 650 | _aBS EN 1182 | ||
| 650 | _aBS EN ISO 1716 | ||
| 650 | _aBS EN ISO 11925-2 | ||
| 650 | _aBS EN 13823 | ||
| 650 | _aBS EN 13663 | ||
| 650 | _aBS EN 1364 | ||
| 650 | _aBS EN 1365 | ||
| 650 | _aBS EN 1366 | ||
| 650 | _aBS 476 | ||
| 690 | _aMANAGEMENT-HEALTH AND SAFETY-FIRE SAFETY | ||
| 700 | _aEverton, Rosemarie | ||
| 700 | _aAnderson, Paul | ||
| 700 | _aHadley, Trevor | ||
| 700 | _aLilly, Jaki | ||
| 700 | _aHashem, Ferhana | ||
| 700 | _aHuges, Allan | ||
| 700 | _aHarrison, Roger | ||
| 700 | _aSpearpoint, Michael | ||
| 700 | _aScothern, Anna | ||
| 700 |
_aSellman _Richard |
||
| 700 | _aBrown, Malcolm | ||
| 942 | _n0 | ||
| 999 |
_c75634 _d75634 |
||